Countries with ATP Tennis Tournaments - Statistics

General Stats
  • This quiz has been taken 315 times
    188 since last reset
  • The average score is 24 of 30
Answer Stats
# Answer % Correct
6 France
99%
12 United States
99%
4 Spain
98%
3 United Kingdom
98%
5 Italy
95%
5 Australia
93%
1 Brazil
93%
1 Canada
93%
2 Mexico
91%
2 Argentina
90%
4 Germany
90%
1 Japan
90%
2 Sweden
88%
3 Switzerland
88%
1 Portugal
86%
2 Austria
84%
2 Netherlands
81%
1 Chile
78%
1 Belgium
77%
1 Serbia
73%
1 United Arab Emirates
68%
1 Croatia
66%
1 India
66%
1 Qatar
63%
1 South Korea
60%
1 Bulgaria
58%
1 Monaco
54%
1 Morocco
53%
1 Israel
45%
1 Kazakhstan
42%
No matching quizzes found
Score Distribution
Percent of People with Each Score
Percentile by Number Answered
Your Score History
You have not taken this quiz since the last reset